| 000 | 00345nam a2200109Ia 4500 | ||
|---|---|---|---|
| 005 | 20251222141940.0 | ||
| 008 | 251222s9999||||xx |||||||||||||| ||spa|| | ||
| 082 | _a379.85/C76D | ||
| 245 | 0 | _aDesafíos de la Implementación: Proyecto Educativo Nacional y los Proyectos Educativos Regionales | |
| 264 | _bConsejo Nacional de Educación | ||
| 942 | _cLIB | ||
| 999 |
_c9317 _d9317 |
||